| 000 | 00000nam 2200000za 4500 |
| 001 | 9.816465 |
| 003 | CaOODSP |
| 005 | 20221107142247 |
| 007 | cr ||||||||||| |
| 008 | 160502s2014 picd ob f000 0 eng d |
| 020 | |a978-0-660-05316-5 |
| 040 | |aCaOODSP|beng |
| 043 | |an-cn--- |
| 086 | 1 |aV32-268/2016E-PDF |
| 100 | 1 |aMaclean, Mary Beth. |
| 245 | 10|aCompensation for economic loss |h[electronic resource] : |bimpairment, severe disability, loss of career progression / |cMary Beth MacLean. |
| 260 | |aCharlottetown : |bVeterans Affairs Canada, |c2014. |
| 300 | |a11 p. : |bfig., tables |
| 500 | |aIssued also in French under title: Indemnisation des pertes économiques : déficience, invalidité grave, perte d’avancement professionnel. |
| 500 | |a“In support of the New Veterans Charter review.” |
| 500 | |a"November 4, 2014." |
| 500 | |a“Research Directorate brief.” |
| 504 | |aIncludes bibliographical references. |
| 692 | 07|2gccst|aVeterans |
| 692 | 07|2gccst|aDisability pensions |
| 692 | 07|2gccst|aBenefits |
| 692 | 07|2gccst|aCharters |
| 710 | 1 |aCanada. |bVeterans Affairs Canada. |
| 775 | 08|tIndemnisation des pertes économiques |w(CaOODSP)9.816466 |
| 856 | 40|qPDF|s158 KB|uhttps://publications.gc.ca/collections/collection_2016/acc-vac/V32-268-2016-eng.pdf |